An introduction to policing / 3 Policing in the community / Keith Bryett ; Arch Harrison
| Contributors: | ; |
|---|---|
| Format: | Print Book |
| Language: | English |
| Published: |
Sydney
Butterworths
1997
|
| In: |
An introduction to policing
Year: 1997 |
| Edition: | Repr. |
| Availability in Tübingen: | Present in Tübingen. UB: KB 19 A 3350-3 |
| Check availability: | HBZ Gateway |
| Subito Delivery Service: | Order now. |
MARC
| LEADER | 00000cam a2200000 cc4500 | ||
|---|---|---|---|
| 001 | 1134307306 | ||
| 003 | DE-627 | ||
| 005 | 20251225180333.0 | ||
| 007 | tu | ||
| 008 | 980220s1997 xx ||||| 00| ||eng c | ||
| 010 | |a 94143729 | ||
| 020 | |a 0409307254 |9 0-409-30725-4 | ||
| 035 | |a (DE-627)1134307306 | ||
| 035 | |a (DE-576)064307301 | ||
| 035 | |a (DE-599)BSZ064307301 | ||
| 035 | |a (OCoLC)312795288 | ||
| 040 | |a DE-627 |b ger |c DE-627 |e rakwb | ||
| 041 | |a eng | ||
| 082 | 0 | |a 363.2/0994 | |
| 082 | 0 | |a 363.2/3 | |
| 245 | 0 | 3 | |a An introduction to policing |n 3 |p Policing in the community / Keith Bryett ; Arch Harrison |c by K. Bryett ... |
| 250 | |a Repr. | ||
| 264 | 1 | |a Sydney |b Butterworths |c 1997 | |
| 300 | |a VI, 170 S. | ||
| 336 | |a Text |b txt |2 rdacontent | ||
| 337 | |a ohne Hilfsmittel zu benutzen |b n |2 rdamedia | ||
| 338 | |a Band |b nc |2 rdacarrier | ||
| 583 | 1 | |a Archivierung prüfen |c 20200919 |f DE-640 |z 1 |2 pdager | |
| 700 | 1 | |a Bryett, Keith |4 oth | |
| 700 | 1 | |a Harrison, Arch |4 oth | |
| 773 | 1 | 8 | |a An introduction to policing |w (DE-627)1112467785 |w (DE-576)042467780 |g 3 |q 3 |7 nnam |
| 951 | |a MV | ||
| ELC | |b 1 | ||
| LOK | |0 000 xxxxxcx a22 zn 4500 | ||
| LOK | |0 001 2322241539 | ||
| LOK | |0 003 DE-627 | ||
| LOK | |0 004 1134307306 | ||
| LOK | |0 005 20151006095419 | ||
| LOK | |0 008 980220||||||||||||||||ger||||||| | ||
| LOK | |0 040 |a DE-21 |c DE-627 |d DE-21 | ||
| LOK | |0 852 |a DE-21 | ||
| LOK | |0 852 1 |c KB 19 A 3350-3 |9 00 | ||
| LOK | |0 935 |a krim | ||
| LOK | |0 939 |a 20-02-98 |b l01 | ||
| ORI | |a SA-MARC-krimdoka001.raw | ||
| SIG | |a UB: KB 19 A 3350-3 | ||
